| 000 | 01197nam0a22002771 4500 | ||
|---|---|---|---|
| 001 | rc\809249 | ||
| 005 | 20260407103501.0 | ||
| 035 | _a(NLR Aleph) 005992733 | ||
| 090 |
_a7145106 _c7145106 |
||
| 100 | _a20041129d1983 |||y0rusy50 ca | ||
| 101 | 0 |
_arus _aeng |
|
| 102 | _aRU | ||
| 105 | _aa ||||||||| | ||
| 200 | 1 |
_aСибирский энергетический институт: итоги и задачи исследований _dSiberian energy institute research: results and prospects _fАН СССР. Сиб. отд-ние ... _g[Редкол.: д. т. н. Л.С. Беляев и др.] |
|
| 210 |
_aИркутск _cСЭИ _d1983 |
||
| 215 |
_a314 с. _cил. _d20 |
||
| 300 | _aТекст парал. на рус. и англ. яз. | ||
| 320 | _a"Основ. публ. Ин-та в 1976-1981 гг.": с. 293-314 | ||
| 510 | 0 | _aSiberian energy institute research: results and prospects | |
| 702 | 1 |
_aБеляев _bЛ.С. _gЛев Спиридонович _4340 |
|
| 712 | 0 | 2 |
_aЭнергетический институт _cИркутск _3RU\NLR\AUTH\889932416 _9360126 |
| 801 | 0 |
_aRU _bNLR _gpsbo |
|
| 801 | 1 |
_aRU _bELAR _2rusmarc |
|
| 852 |
_aNLR _j85-3/850 |
||
| 942 | _cBOOK | ||
| 980 | _aNB | ||